00457nam a22001697a 450000500170000000800410001702000180005804000210007604100080009708200130010510000270011824500540014525000120019926000370021130000100024865000290025820260515115122.0260313b |||||||| |||| 00| 0 eng d a9789391883195 aIN-DiNCcIN-DiNC dasm a336bAHM aAhmed, Rofiqueeauthor aRajashra arthabigyan (Major15)/cby Rofique Ahmed a1st ed. aJorhat:bUnika prakashan,c2026. a312p. aPublic finance (Major15)